Clubs de Premier League (2024-2025) - Statistiques

Statistiques générales
  • Ce quiz a été pris 597 fois
    593 depuis la dernière actualisation
  • Le résultat moyen est 13 sur 20
Statistiques - réponses
% Correct
Premier League Manchester City
100%
Premier League Manchester United
98%
Premier League Liverpool
94%
Premier League Arsenal
92%
Premier League Chelsea
92%
Premier League Aston Villa
77%
Premier League Tottenham
74%
Premier League West Ham
64%
Premier League Newcastle
61%
Premier League Leicester City
59%
Premier League Crystal Palace
56%
Premier League Brighton
54%
Premier League Everton
54%
Premier League Wolverhampton
54%
Premier League Nottingham Forest
53%
Premier League Southampton
46%
Premier League Fulham
42%
Premier League Brentford
41%
Premier League Bournemouth
38%
Premier League Ipswich Town
34%
Aucun quiz correspondant
Distribution des résultats
% des personnes avec chaque résultat
Percentile par nombre de réponses
Votre historique - résultats
Vous n’avez pas pris ce quiz depuis la dernière actualisation